00333nam a2200133Ia 4500003000400000005001700004008004100021020001500062040002700077100002100104245005000125260001500175260000900190OSt20231229055906.0170524s9999 xx 000 0 und d a8174887059 ciimt university meerut aMalhotra - R. K. 0aFundamental of Hotel Management and Operation bAnmol Pub. c1998